| 000 | 00829pam a22002774a 4500 | ||
|---|---|---|---|
| 001 | 13721742 | ||
| 005 | 20180110083549.0 | ||
| 008 | 040916s2005 vau b 001 0 eng | ||
| 010 | _a 2004021622 | ||
| 020 | _a1416600310 (alk. paper) | ||
| 035 | _a(OCoLC)ocm56613990 | ||
| 040 |
_aDLC _cDLC _dYDX _dDLC |
||
| 041 | _aeng | ||
| 042 | _apcc | ||
| 043 | _an-us--- | ||
| 080 | _a371.106 GAB | ||
| 082 | 0 | 0 |
_a371.106 GAB _222 |
| 100 | 1 | _a46 | |
| 101 | _aEDU | ||
| 245 | 1 | 0 |
_aHow to thrive as a teacher leader / _cJohn G. Gabriel. |
| 504 | _aIncludes bibliographical references and index. | ||
| 906 |
_a7 _bcbc _corignew _d1 _eecip _f20 _gy-gencatlg |
||
| 942 |
_2ddc _cBK |
||
| 999 |
_c40042 _d40042 |
||